00664nam a2200217Ia 4500003000900000008004100009040001300050040001300063041000800076100002600084245004900110250001200159260002100171260000900192300000800201490000700209490000600216942000700222999001700229952020000246IT-RoPAU120407s9999 xx 000 0 und d aIT-RoPAU cIT-RoPAU aita aFrançois Lebesconte aIl cuore di Maria secondo S. Giovanni Eudes. aCatania aEdizioni Paoline c1954 c cm aSm v1 cBK c23886d23886 00102ddc406243_800000000000000_8171aPAULUSbPAULUSd2012-04-11l0o243.8.81r2012-04-11 00:00:00w2012-04-11yBKzInserito da: Jole In data: 30 luglio 2011 fondo: Via A.Severo 56 Progr:12412